000 00357 a2200157 4500
001 151577
040 _cEscola São Tomás de Aquino
100 _aVERNE, Júlio
240 1 0 _aViagem ao centro da terra
_lpor
245 1 0 _aViagem ao centro da terra
300 _a187
362 0 _a2007
440 1 _aFTD
697 _a*LITERATURA JUVENIL
942 _cBK
999 _c151577
_d151577